Catálogo - Centro de Recursos para el Aprendizaje y la Investigación
Volver al Sitio - CRAI Biblioteca| 000 -CABECERA | |
|---|---|
| campo de control de longitud fija | 01781nam a2200289Ia 4500 |
| 001 - NÚMERO DE CONTROL | |
| campo de control | 113660 |
| 003 - IDENTIFICADOR DEL NÚMERO DE CONTROL | |
| campo de control | DR-UNIBE |
| 005 - FECHA Y HORA DE LA ÚLTIMA TRANSACCIÓN | |
| campo de control | 20260218062603.0 |
| 007 - CAMPO FIJO DE DESCRIPCIÓN FÍSICA--INFORMACIÓN GENERAL | |
| campo de control de longitud fija | cr nn 008mamaa |
| 008 - DATOS DE LONGITUD FIJA--INFORMACIÓN GENERAL | |
| campo de control de longitud fija | 250522b2015 sp ||||| |||| 00| 0 spa d |
| 020 ## - NÚMERO INTERNACIONAL ESTÁNDAR DEL LIBRO | |
| Número Internacional Estándar del Libro | 9788425433276 |
| 040 ## - FUENTE DE LA CATALOGACIÓN | |
| Centro catalogador/agencia de origen | BIBLIOTECA UNIBE |
| Centro/agencia transcriptor | BIBLIOTECA UNIBE |
| 245 10 - MENCIÓN DE TÍTULO | |
| Título | Manual psicología clínica |
| 250 4# - MENCIÓN DE EDICIÓN | |
| Mención de edición | Segunda edición |
| 260 4# - PUBLICACIÓN, DISTRIBUCIÓN, ETC. | |
| Lugar de publicación, distribución, etc. | Barcelona : |
| Nombre del editor, distribuidor, etc. | Herder, |
| Fecha de publicación, distribución, etc. | 2015 |
| 300 4# - DESCRIPCIÓN FÍSICA | |
| Extensión | 772 páginas |
| 490 ## - MENCIÓN DE SERIE | |
| Mención de serie | Colección salud mental |
| 505 ## - NOTA DE CONTENIDO CON FORMATO | |
| Nota de contenido con formato | 1. Evolución de los conceptos en psicopatología |<br/>2. Enfoques y modelos en psicopatología |<br/>3. El diagnóstico psicopatológico y las clasificaciones de los trastornos mentales |<br/>4. Tratamientos psicológicos en psicopatología |<br/>5. Trastornos de la alimentación |<br/>6. Trastornos de la sexualidad |<br/>7. Trastornos de ansiedad |<br/>8. Trastornos relacionados con el trauma, el estrés y la adaptación |<br/>9. Trastornos fóbicos |<br/>10. Obsesiones |<br/>11. Histeria y síndromes somáticos funcionales |<br/>12. Trastornos de síntomas somáticos |<br/>13. Trastornos depresivos |<br/>14. Trastornos bipolares |<br/>15. Trastornos esquizofrénicos |<br/>16. Estados paranoides y trastornos delirantes |<br/>17. Trastorno límite de la personalidad |<br/>18. Trastorno narcisista de la personalidad |<br/>19. Psicopatía |<br/>20. Adicciones |<br/>21. Introducción a la psicopatología infantil |<br/>22. Psicopatología en la vejez |<br/> |
| 650 #7 - PUNTO DE ACCESO ADICIONAL DE MATERIA--TÉRMINO DE MATERIA | |
| Término de materia o nombre geográfico como elemento de entrada | Psicologia clinica |
| Fuente del encabezamiento o término | lemb |
| 650 #7 - PUNTO DE ACCESO ADICIONAL DE MATERIA--TÉRMINO DE MATERIA | |
| Término de materia o nombre geográfico como elemento de entrada | Psicopatología |
| Fuente del encabezamiento o término | lemb |
| 650 #7 - PUNTO DE ACCESO ADICIONAL DE MATERIA--TÉRMINO DE MATERIA | |
| Término de materia o nombre geográfico como elemento de entrada | Trastornos de la personalidad |
| Fuente del encabezamiento o término | lemb |
| 951 ## - EQUIVALENCIA O REFERENCIA-CRUZADA--NOMBRE GEOGRÁFICO/NOMBRE DE ÁREA [OBSOLETO] [solamente CAN/MARC] | |
| Nombre geográfico | 20061022 10:18:00 |
| 700 1# - PUNTO DE ACCESO ADICIONAL--NOMBRE DE PERSONA | |
| Nombre de persona | Jarne Esparcia, Adolfo |
| Fechas asociadas al nombre | compilador |
| 9 (RLIN) | 195842 |
| 700 ## - PUNTO DE ACCESO ADICIONAL--NOMBRE DE PERSONA | |
| Nombre de persona | Talarn Caparrós, Antoni |
| Término indicativo de función/relación | compilador |
| 9 (RLIN) | 195843 |
| 856 ## - LOCALIZACIÓN Y ACCESO ELECTRÓNICOS | |
| Identificador Uniforme del Recurso | <a href="https://ebookcentral.proquest.com/lib/unibedr/detail.action?docID=29370990">https://ebookcentral.proquest.com/lib/unibedr/detail.action?docID=29370990</a> |
| 942 ## - ELEMENTOS DE PUNTO DE ACCESO ADICIONAL (KOHA) | |
| Tipo de ítem Koha | e-Libro (en línea) |
| Fuente del sistema de clasificación o colocación | Sistema de Clasificación Decimal Dewey |
| Estado de retiro | Estado de pérdida | Fuente del sistema de clasificación o colocación | No para préstamo | Código de colección | Localización permanente | Ubicación/localización actual | Fecha de adquisición | Total de préstamos | Código de barras | Fecha visto por última vez | Precio válido a partir de | Tipo de ítem Koha |
|---|---|---|---|---|---|---|---|---|---|---|---|---|
| Disponible | Sistema de Clasificación Decimal Dewey | e-Libro de Texto (en línea) | Biblioteca Central UNIBE | Biblioteca Central UNIBE | 22/05/2025 | EB0480 | 22/05/2025 | 22/05/2025 | e-Libro (en línea) |